Harry Potter commençant par N-O par images - Statistiques

Statistiques générales
  • Ce quiz a été pris 273 fois
    272 depuis la dernière actualisation
  • Le résultat moyen est 13 sur 20
Statistiques - réponses
Par images Hint Réponse % Correct
Personnage {Neville} Londubat
98%
Balais {Nimbus} {2000}
97%
Personnage Dolores {Ombrage}
96%
Animal {Nagini}
90%
Fantôme {Nick} {Quasi}-{Sans}-{Tête}
89%
Sort d'amnésie {Oubliettes}
88%
Personnage {Olivier} Dubois
84%
Personnage Garrick {Ollivander}
81%
Personnage {Narcissa} Malefoy
81%
Groupement {Ordre} {du} {Phénix}
81%
Personnage {Nymphadora} Tonks
78%
Lieu {Orphelinat}
70%
Personnage {Olympe} Maxime
59%
Animal {Norbert}
54%
Argent {Noise}
33%
Discipline magique {Occlumancie}
27%
Objet magique {Oreille} {à} {rallonge}
26%
Créature inventée par les Lovegood {Nargole}
25%
Sort de ciblage {Oppugno}
25%
Personnage {Nigel} Wolpert
21%
Aucun quiz correspondant
Distribution des résultats
% des personnes avec chaque résultat
Percentile par nombre de réponses
Votre historique - résultats
Vous n’avez pas pris ce quiz depuis la dernière actualisation